|
|
|
|
| LEADER |
00000nab a2200000 a 4500 |
| 001 |
vtls000736788 |
| 003 |
SK-MaSNL |
| 005 |
20260302193151.0 |
| 008 |
180206c2000 xo 0 slo |
| 015 |
|
|
|a SNBRB2000/11-31484
|
| 035 |
|
|
|a CLN000088655
|
| 040 |
|
|
|a SNKBUCL
|b slo
|c SNKBUCL
|e AACR2
|
| 041 |
0 |
|
|a slo
|
| 044 |
|
|
|a xo
|c SK
|
| 080 |
|
|
|a 323.15(437.6=914.99)
|2 UDC-MRF-SK2
|
| 080 |
|
|
|a 397(437.6)
|2 UDC-MRF-SK2
|
| 100 |
0 |
|
|a (dk)
|4 aut
|9 809269
|
| 245 |
1 |
0 |
|a V štátnom rozpočte 30 miliónov Sk na realizáciu rómskych projektov na rok 2000
|c [autor] (dk)
|
| 650 |
0 |
7 |
|a menšiny národnostné
|z Slovensko
|2 snkbucl
|9 846758
|
| 650 |
0 |
7 |
|a Rómovia
|z Slovensko
|2 snkbucl
|9 365038
|
| 650 |
0 |
7 |
|a romiká
|2 snkbucl
|9 72855
|
| 655 |
|
7 |
|a články z novín a časopisov
|2 snkbucl
|9 267496
|
| 773 |
0 |
|
|t Obecné noviny
|g Roč. 10, č. 44 (2000), s. 14-15
|
| 850 |
|
|
|a Slovenská národná knižnica v Martine
|
| 852 |
|
|
|a SNK
|b KIS3GCP
|
| 958 |
|
|
|a RBX
|
| 999 |
|
|
|c 1443541
|d 1445471
|